000 00688nam a2200193Ia 4500
008 090123s9999 xx 000 0 und d
082 _b27386
_a891.463/चेस
100 _aजेम्स हॅडले चेस
245 _aलाल चंद्र काळं आकाश
250 _a1
260 _bपुष्प प्रकाशन
300 _a219
600 _aजेम्स हॅडले चेस
630 _aलाल चंद्र काळं आकाश
700 _aदेखणे मनोहर
700 _aजेम्स हॅडले चेस
730 _aलाल चंद्र काळं आकाश
942 _cBOOK
999 _c65672
_d65672